Análisis de la movilidad peatonal y caracterización de peatones en el centro de Guadalupe de Goicoechea como caso de estudio y aplicación
Na minha lista:
| Autor principal: | |
|---|---|
| Formato: | Livro |
| Idioma: | Spanish |
| Publicado em: |
[San José ], Costa Rica
2017
|
| Assuntos: | |
| Tags: |
Adicionar Tag
Sem tags, seja o primeiro a adicionar uma tag!
|
MARC
| LEADER | 00000nam a22000007a 4500 | ||
|---|---|---|---|
| 003 | 012811 | ||
| 005 | 20221231144255.0 | ||
| 008 | 180116b2017 cr a|||| |m|| 00| ||spa d | ||
| 040 | |c cru CEDI | ||
| 090 | |a TFG 7962 | ||
| 100 | |9 10826 |a Fernández Garza, Ana Gabriela | ||
| 245 | |a Análisis de la movilidad peatonal y caracterización de peatones en el centro de Guadalupe de Goicoechea como caso de estudio y aplicación | ||
| 260 | |a [San José ], Costa Rica |c 2017 | ||
| 300 | |a xxvi,263 hojas ; ilustraciones | ||
| 500 | |a Proyecto de graduación (licenciatura en ingeniería civil)--Universidad de Costa Rica. Facultad de Ingeniería. Escuela de Ingeniería Civil | ||
| 650 | |x DISEÑO URBANO- GUADALUPE(GOICOECHEA, SAN JOSE, COSTA RICA) |x PEATONES |x FLUJO DE TRAFICO - MEDICIONES GUADALUPE(GOICOECHEA, SAN JOSE, COSTA RICA)) |x TRANSPORTE - PLANIFICACION - GUADALUPE(GOICOECHEA, SAN JOSE, COSTA RICA)) |x ACERAS |9 10827 | ||
| 942 | |c TFG | ||
| 999 | |c 19429 |d 19429 | ||
